| 000 | 01749nam a22004697a 4500 | ||
|---|---|---|---|
| 003 | OSt | ||
| 005 | 20230413102322.0 | ||
| 008 | 221006b |||||||| |||| 00| 0 eng d | ||
| 040 | _cBiblioteca Lado V | ||
| 082 |
_a700 _bK41a |
||
| 100 |
_9797 _aKerraoul, Jean Pierre de _eeditor _edirector |
||
| 245 | _aArtpress/ | ||
| 260 |
_bCourt Gallerie _c2007 _aParis |
||
| 300 |
_c21x28cm _a18p. _ematerial extra del numero 335 |
||
| 366 | _eeng | ||
| 366 | _efre | ||
| 490 |
_v07 _v2007 _x0245 5676 _a335 |
||
| 505 | _texporama Biennale de Venise 2007 | ||
| 505 | _tBiennale de Venise 2007 | ||
| 505 | _tRoberto Storr penser avec les sens, sentir avec la raison | ||
| 505 | _tFelix Gonzalez Torres couples | ||
| 505 | _tEric Duyckaerts les verites qui n'en sont pas | ||
| 505 | _tdans la caverne de Yehudit Sasportas | ||
| 505 | _tTracey Emin au centre de ses reves | ||
| 505 | _tdans les labyrinthes de Monika Sosnowska | ||
| 505 | _tla Documenta 12, culture de ses reves | ||
| 505 | _tskulptur projekte munster 07 | ||
| 505 | _tle retour de Stephane Pencreach | ||
| 505 | _tart press livres | ||
| 505 | _tle feuilleton | ||
| 505 | _tles expositions | ||
| 650 |
_2Tesauro de Arte & Arquitectura _aARTE _9703 |
||
| 650 |
_2Tesauro de Arte & Arquitectura _aEXPOSICIONES |
||
| 650 |
_2Tesauro de Arte & Arquitectura _aBIENAL |
||
| 650 |
_2Tesauro de Arte & Arquitectura _aAPRECIACION |
||
| 650 |
_2Tesauro de Arte & Arquitectura _aTEORIA |
||
| 650 |
_2Tesauro de Arte & Arquitectura _aCRITICA |
||
| 650 |
_2Tesauro de Arte & Arquitectura _aFOTOGRAFIA _9702 |
||
| 650 |
_2Tesauro de Arte & Arquitectura _aLITERATURA |
||
| 650 |
_2Tesauro de Arte & Arquitectura _aPARIS |
||
| 942 |
_2ddc _c1 _h700 _iK41a _n0 |
||
| 999 |
_c3356 _d3356 |
||